000 01062nam0a22002651 4500
001 rc\274915
005 20030307120149.4
010 _a5-7320-0208-1
_92500
035 _a(NLR Aleph) 005492211
090 _a5219268
_c5219268
100 _a20030307d1990 u |0rusy50 ca
101 0 _arus
102 _aRU
105 _aa |||||||||
200 1 _aСовременные системы питания твердотельных лазерных технологических установок
_fС.А. Герасев, О.А. Герасев, А.М. Никитин, В.М. Опре
210 _aЛ.
_cЛДНТП
_d1990
215 _a16, [3] с.
_cил.
_d21
225 1 _aСерия "Технические средства автоматизации"
_fЛенингр. Дом науч.-техн. пропаганды
320 _aБиблиогр.: с. 18 (9 назв.)
701 1 _aГерасев
_bС. А.
_gСергей Алексеевич
801 0 _aRU
_bNLR
_gpsbo
801 1 _aRU
_bELAR
_2rusmarc
852 _aNLR
_j90-6/4188
942 _cBOOK
980 _aNB